书目信息 |
| 题名: |
日本国土空间规划
|
|
| 作者: | 翟国方 编译 | |
| 分册: | ||
| 出版信息: | 北京 中国大地出版社 2020.03 |
|
| 页数: | 202页 | |
| 开本: | 26cm | |
| 丛书名: | ||
| 单 册: | ||
| 中图分类: | TU98(313) | |
| 科图分类: | ||
| 主题词: | 区域规划 , 城乡规划 | |
| 电子资源: | ||
| ISBN: | 978-7-5200-0466-4 | |
| 000 | 00601nam0 2200205 450 | |
| 001 | 2030917136 | |
| 005 | 20201022155823.47 | |
| 010 | @a978-7-5200-0466-4@dCNY45.00 | |
| 100 | @a20201006d2020 km y0chiy0120 ea | |
| 101 | 0 | @achi |
| 102 | @aCN@b110000 | |
| 200 | 1 | @a日本国土空间规划@Ari ben guo tu kong jian gui hua@f翟国方等编译@Fzhai guo fang deng bian yi |
| 210 | @a北京@c中国大地出版社@d2020.03 | |
| 215 | @a202页@d26cm | |
| 606 | 0 | @a区域规划 |
| 606 | 0 | @a城乡规划 |
| 690 | @aTU98(313)@v4 | |
| 701 | 0 | @a翟国方@Azhai guo fang@4编译 |
| 801 | 0 | @aCN@bMUSE@c20201022 |
| 905 | @aMUSE@dTU98(313)@eZ046 | |
| 日本国土空间规划/翟国方等编译.-北京:中国大地出版社,2020.03 |
| 202页;26cm |
| ISBN 978-7-5200-0466-4:CNY45.00 |
| ● |
| 相关链接 |
|
|
|
正题名:日本国土空间规划
索取号:TU98(313)/Z046
 
预约/预借
| 序号 | 登录号 | 条形码 | 馆藏地/架位号 | 状态 | 备注 |
| 1 | 1348989 | 213489893 | 建筑与城市规划学院资料室/ [索取号:TU98(313)/Z046] | 在馆 | |
| 2 | 1348990 | 213489900 | 建筑与城市规划学院资料室/ [索取号:TU98(313)/Z046] | 在馆 | |
| 3 | 1348991 | 213489919 | 建筑与城市规划学院资料室/ [索取号:TU98(313)/Z046] | 在馆 | |
| 4 | 16628 | 200166284 | 建筑库201/201建筑库 58排6列4层/ [索取号:TU98(313)/Z046] | 在馆 | |
| 5 | 706430 | 207064308 | 建筑库201/201建筑库 58排6列4层/ [索取号:TU98(313)/Z046] | 在馆 |